[Event "NOR-ch Rapid"]
[Site "Bergen"]
[Date "2024.01.14"]
[Round "7"]
[White "Soraas, Torben"]
[Black "Brodtkorb, Lars Johan"]
[Result "1/2-1/2"]
[WhiteElo "2121"]
[BlackElo "2088"]
[PlyCount "96"]
[EventDate "2024.01.13"]
[EventType "swiss (rapid)"]
[EventRounds "10"]
[EventCountry "NOR"]
[SourceTitle "CBM 218 Extra"]
[Source "ChessBase"]
[SourceDate "2024.03.31"]
[SourceVersion "1"]
[SourceVersionDate "2024.03.31"]
[SourceQuality "1"]

1. e4 c5 2. Nc3 Nc6 3. g3 g6 4. Bg2 Bg7 5. d3 d6 6. Nge2 e6 7. Be3 Nd4 8. Qd2 Ne7 9. Nd1 Nxe2 10. Qxe2 b6 11. Qd2 h6 12. 0-0 Bb7 13. Nc3 Nc6 14. Rae1 Qd7 15. h3 Nd4 16. Nd1 Nc6 17. a3 Kf8 18. f4 f5 19. g4 Ne7 20. Nc3 d5 21. exd5 exd5 22. d4 c4 23. Qd1 Bf6 24. Qf3 Rd8 25. Kh1 Kf7 26. Qg3 h5 27. g5 Bg7 28. Ne2 Nc8 29. Ng1 Nd6 30. Nf3 Ne4 31. Qh2 Kg8 32. Ne5 Qe6 33. Bxe4 dxe4 34. Qd2 Kh7 35. Qb4 Bd5 36. a4 Rb8 37. Ra1 a6 38. Qc3 Rhc8 39. Rfb1 Bf8 40. Qe1 Rc7 41. c3 Be7 42. Ra2 Bf8 43. Rba1 Be7 44. Kh2 Bf8 45. Kg3 Be7 46. Kh4 Bf8 47. Kg3 Be7 48. Kh4 Bf8 1/2-1/2

[Event "Kragero op"]
[Site "Kragero"]
[Date "2020.02.20"]
[Round "3"]
[White "Brodtkorb, Lars Johan"]
[Black "Beerdsen, Thomas"]
[Result "0-1"]
[WhiteElo "2179"]
[BlackElo "2497"]
[PlyCount "106"]
[EventDate "2020.02.19"]
[EventType "swiss"]
[EventRounds "9"]
[EventCountry "NOR"]
[SourceTitle "CBM 195 Extra"]
[Source "ChessBase"]
[SourceDate "2020.05.31"]
[SourceVersion "1"]
[SourceVersionDate "2020.05.31"]
[SourceQuality "1"]

1. d4 Nf6 2. c4 e6 3. Nc3 Bb4 4. f3 c5 5. d5 0-0 6. e4 b5 7. e5 Ne8 8. f4 Bb7 9. Nf3 exd5 10. cxd5 c4 11. a4 a6 12. Qd4 Nc7 13. Bd2 Bxc3 14. bxc3 Bxd5 15. Be2 d6 16. axb5 dxe5 17. fxe5 Ne6 18. Qe3 axb5 19. 0-0 Nc6 20. Rab1 Rb8 21. Rfd1 Qc7 22. Be1 Bxf3 23. Bxf3 Qxe5 24. Qxe5 Nxe5 25. Bd5 Nf4 26. Bg3 Ne2+ 27. Kf2 Nxg3 28. Kxg3 Rfd8 29. Be4 Rxd1 30. Rxd1 f6 31. Rb1 Kf7 32. Kf4 g6 33. h4 Ke6 34. g4 h6 35. g5 hxg5+ 36. hxg5 Nf7 37. Bxg6 fxg5+ 38. Ke4 Nd6+ 39. Kd4 Rg8 40. Bh5 g4 41. Rg1 g3 42. Bf3 Rg5 43. Re1+ Kf6 44. Bd5 g2 45. Re6+ Kg7 46. Bxg2 Rxg2 47. Kc5 Rd2 48. Rxd6 Rxd6 49. Kxd6 b4 50. cxb4 c3 51. b5 c2 52. b6 c1Q 53. b7 Qf4+ 0-1

[Event "Kragero op"]
[Site "Kragero"]
[Date "2020.02.19"]
[Round "1"]
[White "Brodtkorb, Lars Johan"]
[Black "Moiseenko, Vadim"]
[Result "0-1"]
[WhiteElo "2179"]
[BlackElo "2550"]
[PlyCount "80"]
[EventDate "2020.02.19"]
[EventType "swiss"]
[EventRounds "9"]
[EventCountry "NOR"]
[SourceTitle "CBM 195 Extra"]
[Source "ChessBase"]
[SourceDate "2020.05.31"]
[SourceVersion "1"]
[SourceVersionDate "2020.05.31"]
[SourceQuality "1"]

1. d4 d5 2. c4 e6 3. Nc3 a6 4. cxd5 exd5 5. Bf4 Nf6 6. e3 Be7 7. Bd3 0-0 8. h3 Bd6 9. Be5 Be6 10. Nf3 Nc6 11. 0-0 Re8 12. Rc1 Qe7 13. a3 h6 14. Qc2 Kh8 15. Ne2 Nd7 16. Bxd6 Qxd6 17. Nf4 Re7 18. Rfd1 g5 19. Nxe6 fxe6 20. e4 Rf7 21. e5 Qf8 22. Be2 Qg7 23. Qb3 Nb6 24. Qe3 Rf4 25. Rd2 Raf8 26. Qc3 Ne7 27. Rcc2 Nc4 28. Bxc4 dxc4 29. Qxc4 g4 30. hxg4 Rxg4 31. Ne1 Nd5 32. g3 h5 33. Ng2 h4 34. Rd3 hxg3 35. Rxg3 Rxg3 36. fxg3 Qxg3 37. Qe2 Kg7 38. Qe1 Qg4 39. Qh4 Qg6 40. Rd2 Ne3 0-1

[Event "Sitges Sunway op 6th"]
[Site "Sitges"]
[Date "2019.12.13"]
[Round "1"]
[White "Shevchenko, Kirill"]
[Black "Brodtkorb, Lars Johan"]
[Result "1-0"]
[WhiteElo "2547"]
[BlackElo "2191"]
[PlyCount "91"]
[EventDate "2019.12.13"]
[EventType "swiss"]
[EventRounds "10"]
[EventCountry "ESP"]
[SourceTitle "CBM 193 Extra"]
[Source "ChessBase"]
[SourceDate "2020.01.31"]
[SourceVersion "1"]
[SourceVersionDate "2020.01.31"]
[SourceQuality "1"]

1. e4 c5 2. Nf3 Nc6 3. Nc3 e5 4. Bc4 Be7 5. d3 d6 6. Nd2 Nf6 7. Nf1 0-0 8. Ne3 Nd7 9. h4 Nb6 10. a4 Be6 11. Ncd5 Re8 12. Bd2 Rb8 13. g3 Bf8 14. h5 h6 15. g4 Be7 16. a5 Nxc4 17. Nxe7+ Qxe7 18. dxc4 f6 19. Rg1 b5 20. axb6 axb6 21. Nd5 Qb7 22. Bxh6 gxh6 23. Nxf6+ Kf7 24. Nxe8 Rxe8 25. c3 Rg8 26. g5 Rxg5 27. Rxg5 hxg5 28. h6 Kg6 29. Qf3 Na5 30. 0-0-0 Nxc4 31. b3 Na5 32. Rxd6 Nxb3+ 33. Kb2 Qf7 34. Qxf7+ Kxf7 35. Rxe6 Nd2 36. Re7+ Kg8 37. Rg7+ Kh8 38. Rxg5 Nxe4 39. Rxe5 Nxf2 40. Re8+ Kh7 41. Rb8 Kxh6 42. Rxb6+ Kg5 43. Kb3 Kf5 44. Kc4 Ne4 45. Rc6 Ke5 46. Rxc5+ 1-0

[Event "Nordstrand GP A"]
[Site "Oslo"]
[Date "2019.04.07"]
[Round "5"]
[White "Hobber, Anders"]
[Black "Brodtkorb, Lars Johan"]
[Result "1-0"]
[WhiteElo "2295"]
[BlackElo "2010"]
[PlyCount "73"]
[EventDate "2019.04.05"]
[EventType "swiss"]
[EventRounds "5"]
[EventCountry "NOR"]
[SourceTitle "EXT 2024"]
[Source "ChessBase"]
[SourceDate "2023.10.10"]
[SourceVersion "1"]
[SourceVersionDate "2023.10.10"]
[SourceQuality "1"]

1. d4 d5 2. Bf4 Nf6 3. e3 e6 4. Nf3 Bd6 5. Bg3 0-0 6. Nbd2 c5 7. c3 Nc6 8. Bb5 Be7 9. Bd3 b6 10. Qe2 Bb7 11. Rd1 a6 12. Ne5 b5 13. f4 Ne8 14. Nxc6 Bxc6 15. dxc5 Bxc5 16. e4 Nd6 17. e5 Nf5 18. Nb3 Bb6 19. Bf2 Bxf2+ 20. Qxf2 Qh4 21. Bxf5 Qxf2+ 22. Kxf2 exf5 23. Na5 Rac8 24. Nxc6 Rxc6 25. Rxd5 b4 26. Rc1 Rc4 27. Rd4 Rfc8 28. Rxc4 Rxc4 29. g3 Rc5 30. c4 Kf8 31. b3 Ke7 32. Ke3 Kd7 33. Rd1+ Kc6 34. Rd6+ Kb7 35. Rd5 Rc6 36. Rd7+ Kc8 37. Rd6 1-0

[Event "Konnerud NGP A"]
[Site "Konnerud"]
[Date "2018.12.01"]
[Round "2"]
[White "Christiansen, Johan Sebastian"]
[Black "Brodtkorb, Lars Johan"]
[Result "1-0"]
[WhiteElo "2555"]
[BlackElo "1977"]
[PlyCount "121"]
[EventDate "2018.12.01"]
[EventType "swiss"]
[EventRounds "5"]
[EventCountry "NOR"]
[SourceTitle "EXT 2024"]
[Source "ChessBase"]
[SourceDate "2023.10.10"]
[SourceVersion "1"]
[SourceVersionDate "2023.10.10"]
[SourceQuality "1"]

1. Nf3 d5 2. c4 e6 3. g3 Nf6 4. Bg2 d4 5. 0-0 c5 6. b4 cxb4 7. a3 a5 8. e3 dxe3 9. fxe3 Nc6 10. d4 Ra6 11. Bb2 Be7 12. Qe2 0-0 13. Kh1 Ne4 14. Rd1 Qc7 15. Ne1 Nd6 16. e4 Na7 17. c5 Ne8 18. Nf3 Qb8 19. Nbd2 b6 20. axb4 bxc5 21. dxc5 Qxb4 22. Ba3 Qb8 23. Rab1 Qc7 24. Rdc1 Nc6 25. Nc4 Ra7 26. Nb6 Ba6 27. Qe3 Nf6 28. Bh3 Rd8 29. Rd1 Nd7 30. Nd5 Qc8 31. Nxe7+ Nxe7 32. Rd6 Nb8 33. Ne5 Nec6 34. Rbd1 Re8 35. Nf3 Rb7 36. Bg2 a4 37. Qd2 Rb3 38. Bb2 Qb7 39. Ba1 h6 40. Qc2 a3 41. Nd2 Re3 42. Rb1 Nb4 43. Qa4 Qb5 44. Rxa6 Qxa6 45. Qxe8+ Kh7 46. Qxf7 e5 47. Bxe5 Qg6 48. Qxg6+ Kxg6 49. Rxb4 Nd7 50. Nf1 Rd3 51. Bd4 a2 52. Ra4 Rxd4 53. Rxa2 Nxc5 54. h3 Nxe4 55. Bxe4+ Rxe4 56. Kg2 Kh5 57. Ra7 g5 58. Kf3 Rc4 59. Ra6 g4+ 60. hxg4+ Rxg4 61. Rxh6+ 1-0